Catálogo
 En Linea

Un hombre que se va : (Registro nro. 5706)

Detalles MARC
000 -CABECERA
campo de control de longitud fija 00852cam a2200253 a 4500
001 - NÚMERO DE CONTROL
campo de control 000005910
005 - FECHA Y HORA DE LA ÚLTIMA TRANSACCIÓN
campo de control 20200929151833.0
008 - DATOS DE LONGITUD FIJA--INFORMACIÓN GENERAL
campo de control de longitud fija 790619s1964 sp 000 faspa d
040 ## - FUENTE DE LA CATALOGACIÓN
Centro catalogador/agencia de origen DO-SdBNP
Centro/agencia transcriptor FU
Centro/agencia modificador OCoLC
-- CNE
-- DLC
-- BNPHU
042 ## - CÓDIGO DE AUTENTICACIÓN
Código de autenticación premarc
043 ## - CÓDIGO DE ÁREA GEOGRÁFICA
Código de área geográfica e-sp
082 ## - NÚMERO DE LA CLASIFICACIÓN DECIMAL DEWEY
Número de clasificación 928.46
Número de documento/Ítem Z23h
049 ## - FONDOS LOCALES (OCLC)
Fondos de biblioteca BNGR
100 1# - ENTRADA PRINCIPAL--NOMBRE DE PERSONA
Nombre de persona Zamacois, Eduardo,
Fechas asociadas al nombre 1873-1971
9 (RLIN) 16667
245 13 - MENCIÓN DE TÍTULO
Título Un hombre que se va :
Resto del título memorias /
Mención de responsabilidad, etc. Eduardo Zamacois ; prólogo de Federico Carlos Sainz de Robles.
260 ## - PUBLICACIÓN, DISTRIBUCIÓN, ETC.
Lugar de publicación, distribución, etc. Barcelona, :
Nombre del editor, distribuidor, etc. A H R,
Fecha de publicación, distribución, etc. 1964.
300 ## - DESCRIPCIÓN FÍSICA
Extensión xiv, 510 p. ;
Dimensiones 19 cm.
490 1# - MENCIÓN DE SERIE
Mención de serie Colección al año
Designación de volumen o secuencia 4
600 10 - PUNTO DE ACCESO ADICIONAL DE MATERIA--NOMBRE DE PERSONA
Nombre de persona ZAMACOIS, EDUARDO,
Fechas asociadas al nombre 1873-1971
9 (RLIN) 16668
650 #4 - PUNTO DE ACCESO ADICIONAL DE MATERIA--TÉRMINO DE MATERIA
Término de materia o nombre geográfico como elemento de entrada Autores españoles
Término de materia que sigue a un nombre geográfico como elemento de entrada BIOGRAFÍAS
9 (RLIN) 16669
700 1# - PUNTO DE ACCESO ADICIONAL--NOMBRE DE PERSONA
Nombre de persona Sainz de Robles, Federico Carlos,
Término indicativo de función/relación pról.
9 (RLIN) 16670
830 #0 - PUNTO DE ACCESO ADICIONAL DE SERIE-TÍTULO UNIFORME
Título uniforme Colección al año ;
Designación de volumen o secuencia 4
9 (RLIN) 16671
910 ## - DATOS DE OPCIÓN DEL USUARIO (OCLC)
Datos de opción del usuario Catalogación derivada
Existencias
Estado de retiro Estado de pérdida Restricciones de uso No para préstamo Código de colección Localización permanente Ubicación/localización actual Ubicación en estantería Fecha de adquisición Número de inventario Total de préstamos Signatura topográfica completa Código de barras Fecha visto por última vez Número de copia Precio válido a partir de Tipo de ítem Koha
    Préstamo restringido Préstamo restrigido Monografías: Libros y Folletos General General En catalogación 24.08.2009 LF1   928.46 Z23h 5910-10 25.06.2020 e. 1 25.06.2020 Préstamo interno

Con tecnología Koha